000 00525nam a2200181Ia 4500
008 191130s2007##################000#0#eng##
020 _a9780230526129
040 _aACL
_cACL
082 _a301.32941 NAT.127
245 _aPopulation trends spring 2007
260 _aBasingstoke, Hampshire
_bPalgrave Macmillan Ltd
_c2007
300 _a75 p. : ill. ; 27 cm
650 _aSocial Research & Statistics
710 _aNational Statistics
990 _a084fe361ac10000c4a80cc5cd77a6e0a
991 _a391718
999 _c40111
_d40111